Manual de derecho notarial/ (Registro nro. 9835)

Detalles MARC
000 -LEADER
fixed length control field 00811nam a2200205Ia 4500
005 - FECHA Y HORA DE LA ÚLTIMA TRANSACCIÓN
control field 20231024091423.0
008 - FIXED-LENGTH DATA ELEMENTS--GENERAL INFORMATION
fixed length control field 231020s9999 xx 000 0 und d
020 ## - INTERNATIONAL STANDARD BOOK NUMBER
International Standard Book Number 978-950-20-1846-1
040 ## - CATALOGING SOURCE
Original cataloging agency UPAN
Transcribing agency Biblioteca San Vicente
Description conventions RCAA2
041 ## - LANGUAGE CODE
Language code of text/sound track or separate title spa
082 ## - DEWEY DECIMAL CLASSIFICATION NUMBER
Classification number 347
Item number G378m
año de publicación 2008
100 ## - MAIN ENTRY--PERSONAL NAME
Personal name Gattari, Carlos Nicolás
Relator code aut.
245 #0 - TITLE STATEMENT
Title Manual de derecho notarial/
Statement of responsibility, etc Carlos Nicolas Gattari
250 ## - EDITION STATEMENT
Edition statement 2° ed.
260 ## - PUBLICATION, DISTRIBUTION, ETC. (IMPRINT)
Place of publication, distribution, etc Buenos Aires:
Name of publisher, distributor, etc Abeledo-Perrot,
Date of publication, distribution, etc 2008
300 ## - PHYSICAL DESCRIPTION
Extent 678 p.;
Dimensions 23 cm.
505 ## - FORMATTED CONTENTS NOTE
Formatted contents note Introducciòn, Parte primera. Instrumentos notariales, Parte segunda. Responsabilidad del notario, Parte tercera. teorìa del Derecho Notarial, Parte cuarta. El futuro, presente ya. Documento electrònico y firma digital. El mercosur
650 ## - SUBJECT ADDED ENTRY--TOPICAL TERM
Source of heading or term LEMB
Topical term or geographic name as entry element Derecho notarial
942 ## - ADDED ENTRY ELEMENTS (KOHA)
Koha item type Libros
Source of classification or shelving scheme Dewey Decimal Classification
Existencias
Withdrawn status Lost status Source of classification or shelving scheme Damaged status Not for loan Collection code Home library Current library Date acquired Total Checkouts Full call number Barcode Date last seen Copy number Price effective from Koha item type
    Dewey Decimal Classification     Referencia Biblioteca UPAN San Vicente Biblioteca UPAN San Vicente 20/10/2023   347 G378m 12003036 20/10/2023 01 20/10/2023 Referencia
    Dewey Decimal Classification     Referencia Biblioteca UPAN San Vicente Biblioteca UPAN San Vicente 24/10/2023   347 G378m 12002557 24/10/2023 02 24/10/2023 Referencia
    Dewey Decimal Classification     Referencia Biblioteca UPAN San Vicente Biblioteca UPAN San Vicente 24/10/2023   347 G378m 12002556 24/10/2023 03 24/10/2023 Referencia